|
|
|
|
| LEADER |
01061cam a2200277 a 4500 |
| 001 |
c000352616 |
| 003 |
CARM |
| 005 |
20020123132337.0 |
| 008 |
690811s1966 enk 000 0beng |
| 010 |
|
|
|a 79399980 //r892
|
| 015 |
|
|
|a B66-5415
|
| 019 |
1 |
|
|a 110084
|z 12402039
|z 45904577
|z 54910286
|5 LACONCORD2021
|
| 035 |
|
|
|a (OCoLC)20290
|5 LACONCORD2021
|
| 040 |
|
|
|a LC
|b eng
|c LC
|d ADFA
|
| 050 |
0 |
0 |
|a DK275.K5
|b P23
|
| 082 |
0 |
4 |
|a 947.085/092/4
|
| 100 |
1 |
|
|a Page, Martin,
|d 1938-
|
| 245 |
1 |
0 |
|a Unpersoned:
|b the fall of Nikita Sergeyevitch Khrushchev
|c by Martin Page and David Burg.
|
| 260 |
|
|
|a London,
|b Chapman & Hall,
|c 1966.
|
| 300 |
|
|
|a 174 p.
|c 22 1/2 cm.
|
| 600 |
1 |
0 |
|a Khrushchev, Nikita Sergeevich,
|d 1894-1971.
|
| 651 |
|
0 |
|a Soviet Union
|x Politics and government
|y 1953-1985.
|
| 700 |
1 |
|
|a Burg, David,
|e joint author.
|
| 852 |
8 |
|
|b CARM
|h A1:AM09F0
|i B09336
|p 0427695
|f BK
|
| 999 |
f |
f |
|i 8f74edcf-85a4-50c4-a92b-0fe7c3724dbc
|s 2aa5ac6d-c8f8-584e-9806-7a60547bb165
|
| 952 |
f |
f |
|p Can circulate
|a CAVAL
|b CAVAL
|c CAVAL
|d CARM 1 Store
|e B09336
|f A1:AM09F0
|h Other scheme
|i book
|m 0427695
|